Statistics for Biggest City or Commune For Each Austrian State

Click here to take the quiz!

General Stats

  • This quiz has been taken 12 times
  • The average score is 6 of 9

Answer Stats

StateCity% Correct
SalzburgSalzburg
100%
WienWien [Vienna]
100%
TirolInnsbruck
92%
SteiermarkGraz
83%
OberösterrochLinz
75%
KärntenKlagenfurt am Wörthersee
33%
VorarlbergDornbirn
25%
NiederösterreichSankt Pölten
25%
BurgenlandEisenstadt
17%

Score Distribution

Percentile by Number Answered

Percent of People with Each Score

Your Score History

You have not taken this quiz